The BFG / (Record no. 1298)

MARC details
000 -LEADER
fixed length control field 01102cam a2200289 a 4500
005 - DATE AND TIME OF LATEST TRANSACTION
control field 20230906105401.0
020 ## - INTERNATIONAL STANDARD BOOK NUMBER
International Standard Book Number 9780140315974
040 ## - CATALOGING SOURCE
Original cataloging agency DLC
Transcribing agency DLC
Modifying agency DLC
Language of cataloging eng
050 10 - LIBRARY OF CONGRESS CALL NUMBER
Classification number PZ7.D1515
Item number Bf 1985
082 00 - DEWEY DECIMAL CLASSIFICATION NUMBER
Classification number Fic
Edition number 19
100 1# - MAIN ENTRY--PERSONAL NAME
Personal name Dahl, Roald.
245 14 - TITLE STATEMENT
Title The BFG /
Statement of responsibility, etc. Roald Dahl ; illustrated by Quentin Blake.
260 ## - PUBLICATION, DISTRIBUTION, ETC.
Place of publication, distribution, etc. Harmondsworth, Middlesex, England ;
-- New York, N.Y., U.S.A. :
Name of publisher, distributor, etc. Clays Ltd, St Ives plc
Date of publication, distribution, etc. 1982
300 ## - PHYSICAL DESCRIPTION
Extent 207 pages :
Other physical details Illustrations ;
Dimensions 20 cm.
500 ## - GENERAL NOTE
General note Originally published: London : J. Cape, c1982.
500 ## - GENERAL NOTE
General note "Puffin books."
505 ## - FORMATTED CONTENTS NOTE
Formatted contents note R <br/><br/>
520 ## - SUMMARY, ETC.
Summary, etc. Kidsnatched from her orphanage by a BFG (Big Friendly Giant), who spends his life blowing happy dreams to children, Sophie concocts with him a plan to save the world from nine other man-gobbling cannybull giants.
521 ## - TARGET AUDIENCE NOTE
Target audience note 720 <br/><br/>
Source Lexile <br/>
521 ## - TARGET AUDIENCE NOTE
Target audience note R <br/>
Source Raz-Plus <br/>
650 #1 - SUBJECT ADDED ENTRY--TOPICAL TERM
Topical term or geographic name entry element Giants
General subdivision Fiction.
650 #1 - SUBJECT ADDED ENTRY--TOPICAL TERM
Topical term or geographic name entry element Orphans
General subdivision Fiction.
700 1# - ADDED ENTRY--PERSONAL NAME
Personal name Blake, Quentin,
Relator term Illustrations .
906 ## - LOCAL DATA ELEMENT F, LDF (RLIN)
a 7
b cbc
c orignew
d 1
e ocip
f 19
g y-gencatlg
942 ## - ADDED ENTRY ELEMENTS (KOHA)
Source of classification or shelving scheme Dewey Decimal Classification
Koha item type Books
Suppress in OPAC No
999 ## -
-- 1298
-- 1298
Holdings
Withdrawn status Lost status Source of classification or shelving scheme Damaged status Not for loan Collection Home library Current library Shelving location Date acquired Total Checkouts Full call number Barcode Date last seen Date last checked out Price effective from Koha item type
    Dewey Decimal Classification     Juvenile Fiction Footprints International School Library Network Toul Kork Campus Footprints International School Library Network Toul Tom Poung Campus   08/11/2023 2 BLA Fic PZ7.D1515 FISTKG6A072 06/17/2025 03/15/2024 08/11/2023 Books